Barbie girl chorus - Statistics

General Stats
  • This quiz has been taken 193 times
  • The average score is 7 of 9
Answer Stats
Hint Answer % Correct
I'm a... Barbie girl
100%
in the... Barbie world
98%
it's... fantastic
85%
You can... brush my hair
80%
come... on Barbie
75%
let's... go party
74%
undress... me everywhere
72%
Life... in plastic
69%
Imagination... life is your creation
67%
No matching quizzes found
Score Distribution
Percent of People with Each Score
Percentile by Number Answered
Your Score History
You have not taken this quiz